000 00590nam a22001815i 4500
001 53531
003 ES-MaACL
005 20230906162801.0
007 t|
008 960701s1898 sp ||||1| spa d
040 _aCAM
_bspa
_cCAM
100 1 _aFabié, Antonio María.
_948517
245 1 0 _aBiografía del exmo. señor D. Pedro Salaverría /
_cpor Antonio María Fabié.
260 _aMadrid :
_b[s.n.],
_c1898 (
_fimprenta de Fortanet)
300 _a2 v. (1001, [2] p., [2] h. de grab.) ;
_c20 cm.
600 1 4 _aSalaverría, Pedro-
_vBiografías.
_9101791
852 _aES-MaACL
_jD-4163-4
999 _c53531
_d53531